=LDR 00000nam 2200000 4500 =001 NUTBA000000000001619 =005 20201019022243 =035 ##$$a 0010-051400000000084 =008 201019################g##########0#ind## =082 ##$$a 320.9 =100 #$$a Organski =245 1#$$a Tahap-tahap perkembngan politik, /$c A.F.K. Organski; penyunting, Drs, Noorroso Kuhardjo =260 ##$$a Jakarta :$b Akademika presindo,$c 1985 =440 ##$$aTAHAP-TAHAP PERKEMBANGAN POLITIK =700 #$$a ORGANSKI =084 ##$$a 320.9 ORG t =250 ##$$a cet.1 =300 ##$$a 347 hlm., ; $c 14 x 21 cm =650 #4$$a Poltik =990 ##$$a 21196251/BPAP-NTB/2014 =990 ##$$a 21196252/BPAP-NTB/2014 =990 ##$$a 00085410 =990 ##$$a 21196251/BPAP-NTB/2014 =990 ##$$a 0008510 =990 ##$$a 00085410 =990 ##$$a 00085410 =990 ##$$a 0008510 =990 ##$$a 06910691 =990 ##$$a 00085410 =990 ##$$a 0008510 =990 ##$$a 00086382 =990 ##$$a 0008510 =990 ##$$a 00085410 =990 ##$$a 00086382 =990 ##$$a 0008510 =990 ##$$a 00085410 =990 ##$$a 00045245 =990 ##$$a 00086382 =990 ##$$a 0008510 =990 ##$$a 00085410 =990 ##$$a 00055212 =990 ##$$a 00045245 =990 ##$$a 00086382 =990 ##$$a 0008510 =990 ##$$a 00085410 =990 ##$$a 00085410 =990 ##$$a 00045245 =990 ##$$a 00055212 =990 ##$$a 00086382 =990 ##$$a 0008510 =990 ##$$a 00086382 =990 ##$$a 00045245 =990 ##$$a 00055212 =990 ##$$a 00085410